000 00812nas a2200265 4500
001 BR9503689
003 BR-BrBNA
005 20231205094054.0
007 ta
008 230509b bl.|||p| |||| 00| 00por d
040 _aBR-BrBNA
_bpor
_cBiblioteca Nacional de Agricultura
041 _a(Pt)
072 _aL02
100 1 _aVilela, H.
100 1 _aMoreira, H.A.
100 1 _aVeloso, J.A.F.
100 1 _aBarbosa, C.S.P.A.F.
245 1 _aComparacoes de metodos de aleitamento artificial de bezerros
650 _aBezerro
650 _aAleitamento Artificial
650 _aAnalise Economica
773 0 _tArquivos da Escola de Veterinaria da Universidade Federal de Minas Gerais (Brazil)
_x
_g(1968), v. 20 p. 87-109
_wBR9503689
909 _a202311
_bLúcia
_c55
_dLúcia Elande
942 _2AGRIS
_n0
_cANA
999 _c141914
_d141914